zpět

Detail výsledku týmu

Na Pražci, Blansko

Datum a čas kvízu

23 Celkem bodů Celkový počet nahraných bodů na tomto kvízu bez doplňovacích otázek.
12. Pořadí na kvízu Konečné umístění týmu na tomto kvízu.

Zaznamenané odpovědi

# Otázka Odpověď Body Výsledky
1. Minulou sobotu byla mimořádně... Kramářova vila 1
2. Bývalý španělský král, který č... Juan Carlos I. 1
3. Minulý týden byl odhalen trail... Bábovky 1
4. Ve Velharticích na Klatovsku o... brambory 0
5. Jak se jmenuje čerstvý držitel... Tomáš Souček 0
6. Historie kulečníkových her sah... slonovina 1
7. Kulečník, nebo také biliár (z... snooker 0
8. Osmička (Eight-ball) se hraje... A 0
9. Nyní vám pustíme ukázku ze ser... karambol 0
10. The Hustler, česky Hazardní hr... Barva peněz 0